Introduction (notice n° 1673557)
[ vue normale ]
| 000 -LEADER | |
|---|---|
| fixed length control field | 01231cam a2200169 4500500 |
| 005 - DATE AND TIME OF LATEST TRANSACTION | |
| control field | 20260301001317.0 |
| 041 ## - LANGUAGE CODE | |
| Language code of text/sound track or separate title | fre |
| 042 ## - AUTHENTICATION CODE | |
| Authentication code | dc |
| 100 10 - MAIN ENTRY--PERSONAL NAME | |
| Personal name | Chapon-Crouzet, Nathalie |
| Relator term | author |
| 245 00 - TITLE STATEMENT | |
| Title | Introduction |
| 260 ## - PUBLICATION, DISTRIBUTION, ETC. | |
| Date of publication, distribution, etc. | 2005.<br/> |
| 500 ## - GENERAL NOTE | |
| General note | 19 |
| 520 ## - SUMMARY, ETC. | |
| Summary, etc. | Cette étude porte sur le harcèlement scolaire à l’encontre des LGBTQ+. En octobre 2021, un questionnaire a été diffusé sur les réseaux sociaux ainsi que dans différentes associations et complété par plus de 900 personnes. La moitié de l’échantillon interrogé se déclare victime de harcèlement. L’étude indique que les individus LGBTQ+ sont nettement plus exposés au harcèlement scolaire, en particulier au sein du collège et du lycée. Les résultats démontrent par ailleurs que les individus LGBTQ+ subissent un harcèlement significativement plus long, que leur sentiment de sécurité est moins élevé et leur détresse psychologique plus forte, mais aussi que ces effets sont plus prononcés sur le décrochage scolaire. |
| 700 10 - ADDED ENTRY--PERSONAL NAME | |
| Personal name | Neyrand, Gérard |
| Relator term | author |
| 786 0# - DATA SOURCE ENTRY | |
| Note | Dialogue | 167 | 1 | 2005-03-01 | p. 3-6 | 0242-8962 |
| 856 41 - ELECTRONIC LOCATION AND ACCESS | |
| Uniform Resource Identifier | <a href="https://shs.cairn.info/revue-dialogue-2005-1-page-3?lang=fr&redirect-ssocas=7080">https://shs.cairn.info/revue-dialogue-2005-1-page-3?lang=fr&redirect-ssocas=7080</a> |
Pas d'exemplaire disponible.




Réseaux sociaux